Русская поэзия: сборник для начальной школы

Bibliographische Detailangaben
Weitere Verfasser: Чириков А. (иллюстратор)
Sprache:Russisch
Veröffentlicht: Москва, Детская литература, 1988
Schriftenreihe:Школьная библиотека
Schlagworte:
Format: MixedMaterials Buch
KOHA link:https://koha.lib.tpu.ru/cgi-bin/koha/opac-detail.pl?biblionumber=118030

MARC

LEADER 00000nam0a2200000 4500
001 118030
005 20231031124017.0
010 |a 508001802X 
020 |a RU  |b 88-87818 
035 |a (RuTPU)RU\TPU\book\127745 
090 |a 118030 
100 |a 20070607d1988 c y0rusy5003 ca 
101 0 |a rus 
102 |a RU 
105 |a a z 000gy 
200 1 |a Русская поэзия  |e сборник для начальной школы  |f худож. А. Чириков 
210 |a Москва  |c Детская литература  |d 1988 
215 |a 174,[1] с.  |c ил.  |d 22 см 
225 1 |a Школьная библиотека 
610 1 |a русская литература 
610 1 |a стихи 
610 1 |a русские поэты 
610 1 |a поэзия 
675 |a Р1  |z rus  |v 3 
702 1 |a Чириков  |b А.  |4 440 
801 0 |a RU  |b RuMRKP  |c 19950417  |g psbo 
801 1 |a RU  |b 63413507  |c 20070607  |g PSBO 
801 2 |a RU  |b 63413507  |c 20071207  |g PSBO 
942 |c BK